| 000 | 00370nam a2200157Ia 4500 | ||
|---|---|---|---|
| 008 | 210210b1989 xxu||||| |||| 00| 0 eng d | ||
| 082 | _a820.43 RADC | ||
| 100 | _aRADHAKRISHNAN (S) | ||
| 245 | _aCreative life | ||
| 260 |
_aN D _bOrient Paperbacks _c1989 |
||
| 300 | _a152 | ||
| 650 | _alife | ||
| 650 | _aCreative | ||
| 690 | _aIndian English Prose | ||
| 906 | _a042830 | ||
| 999 |
_c92306 _d92306 |
||